LIBRARY ONLINE CATALOGUE

Introduction to basic theory of music. (Record no. 12717)

MARC details
000 -LEADER
fixed length control field 00561cam a22002052 4500
001 - CONTROL NUMBER
control field 0000002556
005 - DATE AND TIME OF LATEST TRANSACTION
control field 20151217155816.0
008 - FIXED-LENGTH DATA ELEMENTS--GENERAL INFORMATION
fixed length control field 070413s xx 000 0 eng d
020 ## - INTERNATIONAL STANDARD BOOK NUMBER
International Standard Book Number 9966855351 :
Terms of availability KES 140
040 ## - CATALOGING SOURCE
Original cataloging agency KABU
Transcribing agency KABU
050 #0 - LIBRARY OF CONGRESS CALL NUMBER
Classification number MT7
Item number .O35
100 1# - MAIN ENTRY--PERSONAL NAME
Personal name Odida, Awuor Charles.
-- 0000151955
245 10 - TITLE STATEMENT
Title Introduction to basic theory of music.
260 ## - PUBLICATION, DISTRIBUTION, ETC. (IMPRINT)
Place of publication, distribution, etc. Nairobi :
Name of publisher, distributor, etc. Uzima,
Date of publication, distribution, etc. 1995.
300 ## - PHYSICAL DESCRIPTION
Extent 66 p.
650 #0 - SUBJECT ADDED ENTRY--TOPICAL TERM
Topical term or geographic name as entry element Music theory.
-- 0000151953
908 ## - PUT COMMAND PARAMETER (RLIN)
Put command parameter 070413
950 ## - LOCAL HOLDINGS (RLIN)
-- 1
Holdings
Withdrawn status Lost status Source of classification or shelving scheme Not for loan Home library Current library Date acquired Total Checkouts Full call number Barcode Date last seen Price effective from Koha item type
    Library of Congress Classification   Kabarak, Main Campus Kabarak, Main Campus 17/12/2015   MT7 .O35 003878 17/12/2015 17/12/2015 Africana Collection